Top 15 der betroffenen Covid-19-Länder - 12. Januar 2022 - Statistiken

Allgemein
  • Dieses Quiz wurde 19 mal gespielt
  • Das Durchschnittsergebnis liegt bei 14 aus 27
Antwortstatistiken
Land % Korrekt
Vereinigte Staaten
95%
Deutschland
89%
Italien
79%
Spanien
79%
Vereinigtes Königreich
74%
Brasilien
68%
Frankreich
68%
Polen
68%
Russland
68%
Tschechien
63%
Indien
58%
Niederlande
58%
Schweiz
58%
Belgien
53%
Indonesien
42%
Iran
42%
Argentinien
37%
Kroatien
37%
Türkei
37%
Irland
32%
Kolumbien
32%
Slowenien
32%
Israel
26%
Estland
21%
Georgien
16%
Litauen
16%
Zypern
5%
Keine übereinstimmenden Quizze gefunden
Verteilung der Resultate
Anzahl Personen mit jedem Resultat
Perzentil nach korrekt beantworteten Fragen
Ihre Resultats-Entwicklung
Sie haben dieses Quiz noch nicht gespielt